First President's Cabinet - Statistics

General Stats
  • This quiz has been taken 10 times
  • The average score is 6 of 13
Answer Stats
Hint Answer % Correct
President (1789-1997) George Washington
100%
Secretary of the Treasury (1789–1795) Alexander Hamilton
88%
Vice President (1789-1997) John Adams
88%
Secretary of State (1790–1793) Thomas Jefferson
88%
Secretary of War (1789–1794) Henry Knox
50%
Attorney General (1795–1797) Charles Lee
25%
Secretary of State (1794–1795) Edmund Randolph
25%
Attorney General (1789–1794) Edmund Randolph
25%
Secretary of War (1796–1797) James McHenry
25%
Secretary of the Treasury (1795–1797) Oliver Wolcott Jr.
25%
Secretary of State (1795–1797) Timothy Pickering
25%
Secretary of War (1795) Timothy Pickering
25%
Attorney General (1794–1795) William Bradford
25%
No matching quizzes found
Score Distribution
Percent of People with Each Score
Percentile by Number Answered
Your Score History
You have not taken this quiz